Demoḳraṭyah taʻasiyatit be-Yiśraʼel, (Record no. 31738)

MARC details
000 -LEADER
fixed length control field 00619cam a22002171 4500
001 - CONTROL NUMBER
control field he 66000890
003 - CONTROL NUMBER IDENTIFIER
control field DLC
005 - DATE AND TIME OF LATEST TRANSACTION
control field 20260227111438.0
008 - FIXED-LENGTH DATA ELEMENTS--GENERAL INFORMATION
fixed length control field 860912s1966 is b 000 0 hebo
010 ## - LIBRARY OF CONGRESS CONTROL NUMBER
LC control number he 66000890
035 ## - SYSTEM CONTROL NUMBER
System control number (OCoLC)14211851
040 ## - CATALOGING SOURCE
Original cataloging agency DLC
Transcribing agency CU
Modifying agency OCoLC
-- DLC
042 ## - AUTHENTICATION CODE
Authentication code premarc
050 00 - LIBRARY OF CONGRESS CALL NUMBER
Classification number HD5650
Item number .Y3
100 1# - MAIN ENTRY--PERSONAL NAME
Personal name Yagol, Yona.
245 10 - TITLE STATEMENT
Title Demoḳraṭyah taʻasiyatit be-Yiśraʼel,
Statement of responsibility, etc. me-et Yonah Yagol.
260 ## - PUBLICATION, DISTRIBUTION, ETC.
Place of publication, distribution, etc. [Tel-Aviv]
Name of publisher, distributor, etc. Tarbut ṿe-Ḥinukh
Date of publication, distribution, etc. [1966]
300 ## - PHYSICAL DESCRIPTION
Extent 193 p.
Dimensions 22 cm.
504 ## - BIBLIOGRAPHY, ETC. NOTE
Bibliography, etc. note "Meḳorot": p. [189]-193.
650 #0 - SUBJECT ADDED ENTRY--TOPICAL TERM
Topical term or geographic name entry element Management
General subdivision Employee participation.

No items available.

Powered by Koha